| 000 | 00778nam a2200229 a 4500 | ||
|---|---|---|---|
| 005 | 20260320064146.0 | ||
| 008 | 050228s2004 es r 000 0 spa d | ||
| 020 | _a8497840372 | ||
| 035 | _aUPN01000138299 | ||
| 049 | _aCG | ||
| 050 | 4 |
_aP92 _bH6.7 |
|
| 100 | 1 | _aHorrocks, Christopher | |
| 245 | 1 | 0 |
_aMarshall Mcluhan y la realidad virtual / _cChristopher Horrocks ; tr. Carmen Font. |
| 260 |
_aBarcelona, Esp. : _bGedisa, _c2004. |
||
| 300 | _a97 p. | ||
| 440 | 0 | _aEncuentros contemporáneos | |
| 534 |
_pTitulo original: _tMarshall Mcluchan and virtuality |
||
| 650 | 4 |
_aMedios masivos de comunicación y tecnología _9316 |
|
| 600 | 1 | 4 |
_aMcLuhan, Marshall, _d1911-1980 _xCrítica e interpretación _913531 |
| 650 | 4 |
_aCOMUNICACION - _xFILOSOFIA _96560 |
|
| 905 | _aLibro | ||
| 999 |
_c110447 _d110447 |
||